000 00700nam a2200229Ia 4500
003 OSt
005 20220923220518.0
006 a|||||r|||| 00| 0
007 ta
008 220922b |||||||| |||| 00| 0 hin d
024 _a187,258
037 _cTextual
040 _aARTS
_cARTS
_bhin
041 _2hin
_ahin
082 _aWv1.J, 152J3
100 _aशर्मा, ब्रज मोहन
245 0 _aप्राचीन और मध्यकालीन राजदर्शन
246 _aPrāchīn aur madhyakālīn rājadarshana
260 _c1953
942 _hWv1.J, 152J3
_cTEXL
_2CC
999 _c340335
_d340335